Japan or South Korea? - Statistics

General Stats
  • This quiz has been taken 38 times
    27 since last reset
  • The average score is 12 of 16
Answer Stats
Question Answer % Correct
Borders North Korea
96%
It has cities like Yokohama, Osaka & Sapporo.
96%
Birthplace of K-Pop
92%
Birthplace of Anime
92%
BONUS QUESTION: Emperor Hirohito was born there.
92%
Larger by Population
85%
LAST QUESTION:It has the same independence day as India's.
85%
Larger by land
81%
Richer in GDP Nominal
73%
Created Ramen
73%
Borders China None of the above
69%
Rich in culture Both
65%
Higher elevation
62%
Higher literacy rate
42%
Richer in GDP Per Capita
35%
Helped by the USA
35%
No matching quizzes found
Score Distribution
Percent of People with Each Score
Percentile by Number Answered
Your Score History
You have not taken this quiz since the last reset